| 000 | 00693nam a2200145Ia 4500 | ||
|---|---|---|---|
| 008 | 100122s9999 xx 000 0 und d | ||
| 082 |
_b20322 _a954 |
||
| 100 | _aदेवगिरीकर त्र्यं र | ||
| 245 | _aभारतीय स्वातंत्र्याचा ( लढ्याचा ) इतिहास | ||
| 260 |
_bपोपटलाल रामचंद्र शहा _c1969 |
||
| 300 | _a242 | ||
| 630 | _aभारतीय स्वातंत्र्याचा ( लढ्याचा ) इतिहास | ||
| 730 | _aभारतीय स्वातंत्र्याचा ( लढ्याचा ) इतिहास | ||
| 942 | _cBOOK | ||
| 999 |
_c408961 _d408958 |
||